| 000 | 00949nam a22002057a 4500 | ||
|---|---|---|---|
| 999 |
_c59012 _d59012 |
||
| 003 | Ge_BSU | ||
| 005 | 20221031114233.0 | ||
| 008 | 221031s1994 ge ||||| |||| 00| 0 geo d | ||
| 020 | _a551100586X | ||
| 041 | _ageo | ||
| 080 | _a339(100) ყ-69 | ||
| 100 |
_aყორღანაშვილი, ლარისა _914273 |
||
| 245 |
_aვაჭრობის ორგანიზაცია ეკონომიურად განვითარებულ ქვეყნებში / _c[რედ.: გ. ფარაჯევა]. |
||
| 264 |
_aთბილისი : _bთბილ. უნ-ტის გამ-ბა, _c1994. |
||
| 300 |
_a215 გვ. ; _b20 სმ. |
||
| 504 | _aბიბლიოგრ.: გვ. 213. | ||
| 653 | _aვაჭრობა საზღვარგარეთის ქვეყნებში | ||
| 700 |
_aფარაჯევა, გ. _eრედაქტორი _915667 |
||
| 942 |
_2udc _cBK |
||